000 00449ntaaa2200181 4500
003 01
005 20251027201850.0
008 0714s1973 ag 01
040 _aAR-BaBN
_bspa
_cAR-BaBN
_eaacr
_dRIC
082 _a248.2000 W58c
100 _aWhite, John
245 _aLos comienzos de la vida cristiana
250 _a1 ed.
260 _aBuenos Aires :
_bCerteza Abua,
_cc1988
300 _a20 p ;
_c18 cm
650 _avida cristiana
942 _cBK
999 _c13349
_d13349